This is Canada - Pictures - Statistics

General Stats
  • This quiz has been taken 66 times
    58 since last reset
  • The average score is 11 of 21
Answer Stats
Picture Answer % Correct
Ice Hockey
96%
Polar Bear
88%
Beaver
82%
Northern Lights
78%
Caribou
69%
Maple Syrup
69%
Lacrosse
67%
CN Tower
61%
Calgary Stampede
59%
Poutine
55%
Hudson Bay
51%
Vancouver
49%
Totem Pole
45%
Quebec
43%
Lake Louise
39%
Mountie / RCMP
35%
Canada Geese
29%
Wayne Gretzky
27%
Alexander Graham Bell
20%
Musk ox
18%
Bay of Fundy
10%
No matching quizzes found
Score Distribution
Percent of People with Each Score
Percentile by Number Answered
Your Score History
You have not taken this quiz since the last reset